000 00320nam a22001217a 4500
008 180515b xxu||||| |||| 00| 0 eng d
041 _aeng
080 _a043.3
100 _a0
101 _aMBE-BA
245 _aAplikimi i Korrelacionit dhe Regresionit ne Statistikat e Sektorit Financiar
_cDemolli, H
942 _2udc
_cBK
999 _c45815
_d45815